00934nam a2200229 a 4500003000200000005001700002008004100019050003200060100002100092245006100113260009300174300004100267504004100308650003400349650003600383650006000419650002600479650003600505942001400541999001700555952013200572020250227081752.0100819s19uu xx 00 eng d aPGS LB 1050.455b.N163 2010 aNakano, Shotaro. aManga reading and student achievement /cShotaro Nakano. aLas Piñas City, Philippines : bSouthville International School and Colleges, c2010. a23 pages :billustrations ;c28 cm. aIncludes bibliographical references. aMangavInfluence on students. aReading interestsvAdolescents. aReading comprehensionvEffects on academic achievement. aComics and education. aStudentsvAcademic achievement. 2lcccPASS c98400d98400 00102lcc40aLUXbLUXcPASSd2010-08-19eDONATIONl0oPGS LB 1050.455 .N163 2010pP2499r2014-04-08 00:00:00w2014-04-08yPASS